| 000 | 01378cam a2200313 c 4500 | ||
|---|---|---|---|
| 001 | 50416 | ||
| 003 | ES-MaACL | ||
| 005 | 20260408132105.0 | ||
| 008 | 900725s1919 sp p spa | ||
| 016 | 7 |
_abimoBNE19972318329 _zIND9100200868 _2SpMaBN |
|
| 035 | _a(OCoLC)431264558 | ||
| 035 | _a(SpMaBN)bimo0000748868 | ||
| 040 |
_aSpMaBN _bspa _cA2 _dSpMaBN |
||
| 080 | _a821.134.2-14"19" | ||
| 100 | 1 |
_aQuadra Salcedo, Fernando de la _d1889-1936 _941881 |
|
| 245 | 1 | 0 |
_aLlanto de los Pirineos _cpor Fernando de la Quadra Salcedo |
| 260 |
_a[S.l.] _b[s.n.] _c1919 _eMadrid _fImp. del Patronato de Huérfanos de Intendencia e Intervención Militares |
||
| 300 |
_a64 p. _c15 cm |
||
| 336 |
_aTexto (visual) _2isbdcontent |
||
| 337 |
_asin mediación _2isbdmedia |
||
| 655 | 7 |
_aPoesías elegíacas _2tgfbne _9239927 |
|
| 852 |
_aES-MaACL _cDEPOF _j1578-F-2 _zRevisado enlace: 31 de Marzo de 2025 _952335 |
||
| 856 | 4 |
_yFundación Sancho el Sabio _uhttps://www.euskalmemoriadigitala.eus/handle/10357/6689 |
|
| 942 | _2udc | ||
| 956 | _a1 2 | ||
| 980 |
_cEstuvo depositado para su estudio en el Servicio de Valoración, y posteriormente se incorporó a la colección de la BNE _aEncuadernación en holandesa _aSpMaBN _bBNMADRID _jVC/726/4 _cSG_RECOLET |
||
| 980 |
_aEncuadernación en rústica _aSpMaBN _bBNALCALA _jDL/1305043 _dVC/726/4 _cCONSERVACI |
||
| 999 |
_c50416 _d50416 |
||